000 00798nam a2200265Ia 4500
003 OSt
005 20221002051135.0
006 a|||||r|||| 00| 0
007 ta
008 220930b |||||||| |||| 00| 0 eng d
024 _a22485
037 _cReference Collections
040 _aCRL
_cCRL
_beng
041 _2eng
_aeng
082 _aR84k4,N97, N7(RR)
100 _aCarr Brian Ed
_95123
245 0 _aCompanion encyclopedia of Asian philosophy
260 _aLondon
_bRoutledge
_c1997
300 _a1136p
_ccm.
650 _a ASIAN PHILOSOPHY
_9572142
650 _aENCYCLOPEDIAS AND DICTIONARIES
_977
700 _a Mahalingam Indira Ed
_95124
942 _hR84k4,N97, N7(RR)
_cref
_2CC
999 _c916085
_d916085